MARC

LEADER 00000nam0a2200000 4500
001 116620
005 20231101215336.0
035 |a (RuTPU)RU\TPU\book\126209 
090 |a 116620 
100 |a 20070524d1980 m y0rusy50 ca 
101 0 |a rus 
102 |a RU 
105 |a a j 001zy 
200 1 |a Основы космической технологии  |e учебное пособие для вузов  |f И. Т. Беляков, Ю. Д. Борисов 
210 |a Москва  |c Машиностроение  |d 1980 
215 |a 185 с.  |c ил. 
320 |a Библиогр.: с. 183 
606 1 |a Космическая технология  |2 stltpush  |3 (RuTPU)RU\TPU\subj\80490  |9 88151 
610 1 |a космическое пространство 
610 1 |a технологические процессы 
610 1 |a космос 
610 1 |a новые вещества 
610 1 |a новые материалы 
610 1 |a получение 
610 1 |a сборочные работы 
610 1 |a монтажные работы 
610 1 |a ремонтные работы 
610 1 |a космические объекты 
610 1 |a техническое обслуживание 
610 1 |a учебные пособия 
675 |a 629.78(075.8)  |v 4 
700 1 |a Беляков  |b И. Т.  |g Иван Тимофеевич 
701 1 |a Борисов  |b Ю. Д.  |g Юрий Дмитриевич 
801 1 |a RU  |b 63413507  |c 20070523  |g PSBO 
801 2 |a RU  |b 63413507  |c 20210419  |g PSBO 
942 |c BK